Clash royale 3 elixir cards - Statistics

General Stats
  • This quiz has been taken 24 times
    23 since last reset
  • The average score is 20 of 38
Answer Stats
Hint Answer % Correct
Troop Knight
85%
Troop Minions
85%
Spell Arrows
77%
Troop Goblin gang
77%
Troop Archers
69%
Building Cannon
69%
Evo Evo knight
69%
Spell Goblin barrel
69%
Champion Little prince
69%
Troop Princess
69%
Evo Evo goblin barrel
62%
Hero Hero knight
62%
Troop Skeleton army
62%
Spell Vines
62%
Evo Evo cannon
54%
Evo Evo royal ghost
54%
Troop Fisherman
54%
Spell Royal delivery
54%
Troop Royal ghost
54%
Building Tombstone
54%
Spell Void
54%
Troop Dart goblin
46%
Spell Earthquake
46%
Troop Elixir golem
46%
Evo Evo Skeleton army
46%
Troop Guards
46%
Troop Skeleton barrel
46%
Evo Evo archers
38%
Evo Evo dart goblin
38%
Evo Evo skeleton barrel
38%
Troop Firecracker
38%
Troop Ice wizard
38%
Troop Bandit
31%
Evo Evo firecracker
31%
Troop Mega minion
31%
Troop Miner
31%
Spell Clone
23%
Spell Tornado
23%
No matching quizzes found
Score Distribution
Percent of People with Each Score
Percentile by Number Answered
Your Score History
You have not taken this quiz since the last reset